HANDBOOK of the convention on biological diversity

Bibliographic Details
Corporate Author: Secretariat of the Convention on Biological Diversity
Format: Book
Published: London : Earthscan , 2001
Subjects:

MARC

LEADER 00000cam a2200000 7i4500
001 0000002148
005 20030322.0
020 0 0 |a 1853837482 
090 0 0 |a 341.762   |b HAN 2001 
245 0 0 |a HANDBOOK of the convention on biological diversity   |c Secretariat of the Convention on Biological Diversity 
260 0 0 |a London :   |b Earthscan ,   |c 2001 
300 |a xxix, 690 p. ;   |c 24 cm. (plus 1 CD-Rom). 
500 0 0 |a Includes index 
650 0 0 |a Biological diversity conservation   |x Law and legislation 
650 0 0 |a Convention on Biological Diversity (1992) 
710 1 1 |a Secretariat of the Convention on Biological Diversity 
998 |a JPSM 
999 |a 0000003255   |b Monograph   |c Open Shelf   |e Default branch 
999 |a 0000003719   |b Monograph   |c Open Shelf   |e Default branch 
999 |a 0000005164   |b Monograph   |c Open Shelf   |e Default branch